书目信息 |
| 题名: |
父母必读
|
|
| 作者: | ;《父母必读》编辑部 编 | |
| 分册: | 第1辑 | |
| 出版信息: | 北京 北京出版社 1980 |
|
| 页数: | 80页 | |
| 开本: | 19cm | |
| 丛书名: | ||
| 单 册: | ||
| 中图分类: | G61 | |
| 科图分类: | ||
| 主题词: | 教育--各级 | |
| 电子资源: | ||
| ISBN: | ||
| 000 | 00578nam0 2200205 450 | |
| 001 | 0536969125 | |
| 005 | 20060522082519.75 | |
| 010 | @dCNY0.19 | |
| 100 | @a20051201d1980 km y0chiy0120 ea | |
| 101 | 0 | @achi |
| 102 | @aCN@b110000 | |
| 102 | @aCN@b110000 | |
| 200 | 1 | @a父母必读@Afu mu bi du@h第1辑@f《父母必读》编辑部编@F《fu mu bi du》bian ji bu bian |
| 210 | @a北京@c北京出版社@d1980 | |
| 215 | 1 | @a80页@d19cm |
| 606 | 0 | @a教育@x各级 |
| 690 | @aG61@v4 | |
| 711 | 0 | @a《父母必读》编辑部@A《fu mu bi du》bian ji bu@4编 |
| 801 | 0 | @aCN@bPFT@c20060522 |
| 905 | @a10447@dG61@e10:1 | |
| 父母必读.第1辑/《父母必读》编辑部编.-北京:北京出版社,1980 |
| 80页;19cm |
| ISBN :CNY0.19 |
| ● |
| 相关链接 |
|
|
|
|
正题名:父母必读
索取号:G61/10:1
 
预约/预借
| 序号 | 登录号 | 条形码 | 馆藏地/架位号 | 状态 | 备注 |
| 1 | 0031689 | 202329328 | 密集书库/ [索取号:G61/10:1] | 在馆 | |
| 2 | 0032691 | 202365449 | 密集书库/ [索取号:G61/10:1] | 在馆 |